Six Word Number One Singles - Statistics

General Stats
  • This quiz has been taken 23 times
    5 since last reset
  • The average score is 7 of 15
Answer Stats
Hint Answer % Correct
The Police - 1980 Don't Stand So Close To Me
80%
Marvin Gaye - 1969 I Heard It Through The Grapevine
80%
The Beatles - 1963 I Want To Hold Your Hand
80%
The Animals - 1964 The House Of The Rising Sun
80%
A-Ha - 1986 The Sun Always Shines On TV
80%
Iron Maiden - 1991 Bring Your Daughter To The Slaughter
60%
Tony Christie - 2005 Is This The Way To Amarillo
60%
The Foundations - 1968 Baby Now That I've Found You
40%
Marc Almond & Gene Pitney - 1988 Something's Gotten Hold Of My heart
40%
Eddie Calvert - 1955 Cherry Pink And Apple Blossom White
20%
Rod Stewart - 1977 I Don't Want To Talk About It
20%
S Club 7 - 2000 Never Had A Dream Come True
20%
LMC Vs U2 - 2004 Take Me To The Clouds Above
20%
Sonia - 1989 You'll Never Stop Me Loving You
20%
Taylor Swift - 2017 Look What You Made Me Do
0%
No matching quizzes found
Score Distribution
Percent of People with Each Score
Percentile by Number Answered
Your Score History
You have not taken this quiz since the last reset